| 000 | 00358nam a2200109Ia 4500 | ||
|---|---|---|---|
| 008 | 200302s9999 xx 000 0 und d | ||
| 100 | _aHans matin and others | ||
| 245 | _aSolar cooling handbook A Guide to solar assisted cooling and dehumidification processes | ||
| 260 | _bAmbra vis part of mdecco holiding BmbH viena printed | ||
| 260 | _c2013 | ||
| 300 | _a368 | ||
| 999 |
_c6192 _d6192 |
||